Vista normal
Vista MARC
Entrada Materia (tema)
Número de registros utilizados en: 1
001 - CONTROL NUMBER
- control field: 29912
003 - CONTROL NUMBER IDENTIFIER
- control field: Co-BoUCM
005 - DATE AND TIME OF LATEST TRANSACTION
- control field: 20130222131802.0
008 - FIXED-LENGTH DATA ELEMENTS
- fixed length control field: 130222|| aca||aabn | a|a d
040 ## - CATALOGING SOURCE
- Original cataloging agency: Co-BoUCM
- Transcribing agency: Co-BoUCM
150 ## - HEADING--TOPICAL TERM
- Topical term or geographic name as entry element: Tráfico urbano
- Geographic subdivision: Bogotá (Colombia)
670 ## - SOURCE DATA FOUND
- Source citation: Work cat.: (Co-BoUCM)164412: Wessels, Gregor 29626, Bogotá 21 hacia una metrópoli de clase mundial orientada al transporte público = Bogotá 21 towards a world-class, transit-oriented metropolis, 2012